<The> Impact of Selected Financial Indicators Related to the Structure of Funding Sources on Corporate Liquidity in Energy Sector in the Czech Republic and Slovak Republic

Analýza existencie a charakteru vzťahu medzi vybranými finančnými faktormi (pomer dlhového vlastného kapitálu, rentabilita vlastného imania, podiel fixných aktív na celkovom majetku, podiel z príjmov pred úrokmi a daňami na celkový majetok, podiel vlastného imania) a likvidita spoločnosti v energeti...

Ausführliche Beschreibung

Gespeichert in:
Bibliographische Detailangaben
1. Verfasser: Šeligová, Markéta
Format: Buchkapitel
Sprache:Englisch
Schlagworte:
Tags: Tag hinzufügen
Keine Tags, Fügen Sie das erste Tag hinzu!

MARC

LEADER 00000nla a2200000 4500
001 0242862
005 20240417075138.2
041 0 |a eng 
044 |a CZ 
245 1 0 |a <The> Impact of Selected Financial Indicators Related to the Structure of Funding Sources on Corporate Liquidity in Energy Sector in the Czech Republic and Slovak Republic  |c Markéta Šeligová 
520 |a Analýza existencie a charakteru vzťahu medzi vybranými finančnými faktormi (pomer dlhového vlastného kapitálu, rentabilita vlastného imania, podiel fixných aktív na celkovom majetku, podiel z príjmov pred úrokmi a daňami na celkový majetok, podiel vlastného imania) a likvidita spoločnosti v energetike v Českej republike a Slovenskej republike. 
610 2 0 |a energetika 
610 2 0 |a likvidita 
610 2 0 |a likvidita podniku 
610 2 0 |a politika finančná 
610 2 0 |a manažment finančný 
610 2 0 |a riziko finančné 
610 2 0 |a riziko likvidity 
610 2 0 |a reštrukturalizácia finančná 
610 2 0 |a zdroje finančné 
610 2 0 |a kapitál fixný 
610 2 0 |a ukazovatele finančné 
100 1 |a Šeligová, Markéta